Anime erraten einfach - Statistiken

Allgemein
  • Dieses Quiz wurde 2.211 mal gespielt
  • Das Durchschnittsergebnis liegt bei 10 aus 15
Antwortstatistiken
Hint Antwort % Korrekt
Piraterie One piece
99%
Ninja Naruto
93%
Caillou als Erwachsener One Punch-Man
84%
Magische Bälle Dragonball
82%
Alchemie Fullmetal Alchemist
81%
Among Us mit Buch Death Note
79%
Bankai Bleach
75%
Zeit für ein Duell Yu-Gi-OH
74%
10 jähriger Tierquäler Pokemon
66%
Kannibalismus XXL Attack on Titan/ Shingeki no Kyojin
55%
Teufel als Diener Black Butler/ Kuroshitsuji
49%
Kannibalismus Tokyo Ghoul
41%
Kraft der Freundschaft Fairy Tail
39%
Satans Sohn will Vater besiegen Blue Exorcist/ Ao no Exorcist
27%
1001 Nacht als Anime Magi
21%
Keine übereinstimmenden Quizze gefunden
Verteilung der Resultate
Anzahl Personen mit jedem Resultat
Perzentil nach korrekt beantworteten Fragen
Ihre Resultats-Entwicklung
Sie haben dieses Quiz noch nicht gespielt